01173nam a2200301Ia 4500001001200000003000800012006001900020007001500039008004100054020001800095020001800113040002100131035002100152050003000173100001600203245009300219260004900312300002000361504005100381533015200432630003600584650003300620650002900653655002900682710001700711856012600728999001700854ebr10237067CaPaEBRm u cr cn|||||||||061114s2006 ohu sb 001 0 eng d z9781932802177 z9781932802610 aCaPaEBRcCaPaEBR a(OCoLC)56804396614aHF5548.4.M523bH37 2006eb1 aHari, P. K.10aExcel for the small business ownerh[electronic resource] /cP.K. Hari Hara Subramanian. aUniontown, Ohio :bHoly Macro! Books,c2006. avi, a-f, 351 p. aIncludes bibliographical references and index. aElectronic reproduction.bPalo Alto, Calif. :cebrary,d2009.nAvailable via World Wide Web.nAccess may be limited to ebrary affiliated libraries.00aMicrosoft Excel (Computer file) 0aBusinessxComputer programs. 0aElectronic spreadsheets. 7aElectronic books.2local2 aebrary, Inc.40uhttp://site.ebrary.com/lib/rucke/Doc?id=10237067zAn electronic book accessible through the World Wide Web; click to view c37696d37696